000 00970nam0a2200301 4500
001 RU\NLR\bibl\495541
005 20250623200333.0
010 _a5-86394-125-1
_910000
021 _aRU
_b2003-71618
_93548
035 _a(NLR Aleph) 000488176
090 _a1096568
_c1096568
100 _a20040301d2003 |||y0rusy50 ca
101 0 _arus
102 _aRU
105 _aab |||||||||
200 1 _aАвстралия
_eПутеводитель
205 _a4-е изд.
210 _a[Париж и др.]
_cСтрогов и др.
_aМ.
_cАвангард
_d2003
215 _a160 с.
_cил., цв. ил., карт.
_d21
225 1 _aЛе пти фюте
_eПутеводители
320 _aАлф. указ.: с. 157-160
607 _aАвстралия
_jПутеводители
_91013037
_3RU\NLR\auth\6668294
686 _aД890(82)я23
801 0 _aRU
_bNLR
_c20040301
_gPSBO
801 1 _aRU
_bNLR
_c20040301
942 _cBOOK
980 _aNB